00773cam a2200229 i 450000100060000000300080000600500170001400800410003102000150007203500190008704000400010604100080014608200220015424501040017626000400028030000300032050000730035050000200042365000350044365000400047870000250051824580BD-RjUL20211209001053.0140313s1948 nyu 001 0 eng d a0374929882 a(BD-RjUL)24649 aDLCcDLCdDLCdMoSU-LdBD-RjULbeng aeng00a940.531bDOC 194810aDocumentary background of World War II, 1931 to 1941 /ccompiled and edited by James W. Gantenbein. aNew York :bOctagon Books,c c1948. axxxiii, 1122 p. ;c24 cm. aReprint of the ed. published by Columbia University Press, New York. aIncludes index. 0aWorld War, 1939-1945xSources. 0aWorld politicsy1933-1945xSources.1 aGantenbein, James W.